| 000 | 00606nam a2200253Ia 4500 | ||
|---|---|---|---|
| 005 | 20250425162138.0 | ||
| 008 | 250425s9999 xx 000 0 und d | ||
| 041 | _aeng | ||
| 082 | _a310.021 | ||
| 100 | _aMILKEN, INSTITUTE | ||
| 245 | 0 | _aMILKEN INSTITUTE GLOBAL CONFERENCE | |
| 250 | _aS.E. | ||
| 260 |
_aEstados Unidos _bMILKEN INSTITUTE _c2004 |
||
| 260 | _aLOS ANGELES | ||
| 300 | _a120 | ||
| 650 | _aDEMOGRAFIA | ||
| 650 | _aECONOMIA MUNDIAL | ||
| 650 | _aESTADISTICA | ||
| 650 | _aFINANZAS | ||
| 650 | _aTECNOLOGIA | ||
| 710 | _aMILKEN INSTITUTE | ||
| 942 | _c01 | ||
| 010 | _a52857 | ||
| 999 |
_c223247 _d223247 |
||